[Event "Online Olym Div2 C"]
[Site "Chess.com INT"]
[Date "2021.09.03"]
[Round "5.1"]
[White "Nikitenko, Mihail"]
[Black "Mapuranga, Vitalis"]
[Result "1-0"]
[WhiteElo "2501"]
[BlackElo "2008"]
[PlyCount "57"]
[EventDate "2021.09.02"]
[EventType "team (rapid)"]
[EventRounds "9"]
[EventCountry "USA"]
[SourceTitle "CBM 204 Extra"]
[Source "ChessBase"]
[SourceDate "2021.11.30"]
[SourceVersion "1"]
[SourceVersionDate "2021.11.30"]
[SourceQuality "1"]
[WhiteTeam "Belarus"]
[BlackTeam "Zimbabwe"]
[WhiteTeamCountry "BLR"]
[BlackTeamCountry "ZIM"]

1. e4 c6 2. d3 d5 3. Nd2 e5 4. Ngf3 Bd6 5. g3 Nf6 6. Bg2 0-0 7. 0-0 Qc7 8. a4 a5 9. Qe2 Re8 10. b3 b6 11. Bb2 Ba6 12. Nh4 Nbd7 13. Rae1 Bb4 14. c3 Bf8 15. exd5 cxd5 16. c4 e4 17. dxe4 dxe4 18. Nxe4 Nxe4 19. Bxe4 Bb7 20. Qc2 Bxe4 21. Rxe4 Nc5 22. Rg4 Re6 23. Qc3 Rg6 24. Nxg6 hxg6 25. h4 Qd7 26. Qf3 Re8 27. h5 gxh5 28. Rh4 Qd3 29. Qxh5 1-0